Polvo eres y en polvo te convertirás /
Tallennettuna:
| Päätekijä: | |
|---|---|
| Aineistotyyppi: | Teksti |
| Aiheet: | |
| Tagit: |
Lisää tagi
Ei tageja, Lisää ensimmäinen tagi!
|
MARC
| LEADER | 00000 a a2200000 04500 | ||
|---|---|---|---|
| 001 | 13583 | ||
| 003 | |||
| 040 | |||
| 100 | |a Salas G, Humberto | ||
| 245 | |a Polvo eres y en polvo te convertirás / |c Humberto Salas G | ||
| 650 | |a TEOLOGIA | ||
| 650 | |a CIENCIA | ||
| 650 | |a QUIMICA ORGANICA | ||
| 650 | |a COMPUESTOS ORGANICOS | ||
| 773 | |g número 72; páginas 37-44 | ||
| 999 | |c 25744 |d 25744 | ||
